<?xml version="1.0" encoding="UTF-8"?><?xml-stylesheet type="text/xsl" href="static/style.xsl"?><OAI-PMH xmlns="http://www.openarchives.org/OAI/2.0/" xmlns:xsi="http://www.w3.org/2001/XMLSchema-instance" xsi:schemaLocation="http://www.openarchives.org/OAI/2.0/ http://www.openarchives.org/OAI/2.0/OAI-PMH.xsd"><responseDate>2026-04-17T04:22:46Z</responseDate><request verb="GetRecord" identifier="oai:www.recercat.cat:10459.1/57342" metadataPrefix="marc">https://recercat.cat/oai/request</request><GetRecord><record><header><identifier>oai:recercat.cat:10459.1/57342</identifier><datestamp>2024-12-05T21:50:53Z</datestamp><setSpec>com_2072_3622</setSpec><setSpec>col_2072_479130</setSpec></header><metadata><record xmlns="http://www.loc.gov/MARC21/slim" xmlns:dcterms="http://purl.org/dc/terms/" xmlns:xsi="http://www.w3.org/2001/XMLSchema-instance" xmlns:doc="http://www.lyncode.com/xoai" xsi:schemaLocation="http://www.loc.gov/MARC21/slim http://www.loc.gov/standards/marcxml/schema/MARC21slim.xsd">
   <leader>00925njm 22002777a 4500</leader>
   <datafield ind2=" " ind1=" " tag="042">
      <subfield code="a">dc</subfield>
   </datafield>
   <datafield ind2=" " ind1=" " tag="720">
      <subfield code="a">Badia Pascual, Ferran</subfield>
      <subfield code="e">author</subfield>
   </datafield>
   <datafield ind2=" " ind1=" " tag="720">
      <subfield code="a">Batlle, X.</subfield>
      <subfield code="e">author</subfield>
   </datafield>
   <datafield ind2=" " ind1=" " tag="720">
      <subfield code="a">Labarta, A.</subfield>
      <subfield code="e">author</subfield>
   </datafield>
   <datafield ind2=" " ind1=" " tag="720">
      <subfield code="a">Watson, M. L.</subfield>
      <subfield code="e">author</subfield>
   </datafield>
   <datafield ind2=" " ind1=" " tag="720">
      <subfield code="a">Johnston, A. B.</subfield>
      <subfield code="e">author</subfield>
   </datafield>
   <datafield ind2=" " ind1=" " tag="720">
      <subfield code="a">Chapman, J. N.</subfield>
      <subfield code="e">author</subfield>
   </datafield>
   <datafield ind2=" " ind1=" " tag="260">
      <subfield code="c">2016-07-04T10:37:34Z</subfield>
   </datafield>
   <datafield ind2=" " ind1=" " tag="260">
      <subfield code="c">2016-07-04T10:37:34Z</subfield>
   </datafield>
   <datafield ind2=" " ind1=" " tag="260">
      <subfield code="c">1997</subfield>
   </datafield>
   <datafield ind2=" " ind1=" " tag="520">
      <subfield code="a">The effect of the temperature and magnetic field on the giant magnetoresistivity ~GMR! of two&#xd;
FeNi–Ag granular alloys of composition Fe11.4Ni6.4Ag82.2 and Fe7.6Ni16.4Ag76.0 is discussed. Both&#xd;
samples were prepared by rf magnetron sputtering. Parts of them were rapidly annealed at 600, 650,&#xd;
and 750 °C. All samples displayed giant magnetoresistivity which decays from its maximum value&#xd;
with a Tm behavior, with m'0.8– 0.9, suggesting that the decrease in the maximum&#xd;
magnetoresistivity is due to the reduction in the particle magnetization associated with the spin wave&#xd;
excitation, which is a different mechanism to the electron-magnon interaction responsible for the&#xd;
T dependence of GMR in magnetic multilayers. Magnetoresistivity r M decreases with temperature&#xd;
sharing essentially the same temperature decrease as the square of the macroscopic magnetization&#xd;
M in the whole magnetic field range studied, which is due to the reduction in the particle&#xd;
magnetization and to superparamagnetic effects. The effect of the width of the particle size&#xd;
distribution and interparticle interactions on the linear relation r M vs M2 are discussed. Care should&#xd;
be taken when representing r M /r(T,H50) vs (M/Ms)2 because the strong temperature-dependent&#xd;
slope shown in these plots is mainly due to the temperature dependence of both the resistivity&#xd;
r(T,H50) and Ms , and it is not an intrinsic T dependence of GMR in granular alloys.&#xd;
Experimental results suggest that in granular materials, magnetoresistivity is dominated by magnetic&#xd;
moments at the surface of the particles, which also play a very important role in the demagnetization&#xd;
processes, and small magnetic particles.</subfield>
   </datafield>
   <datafield ind2=" " ind1=" " tag="520">
      <subfield code="a">Financial support of both the Spanish CICYT through the MAT94-1024-CO2-02 Project and the Catalan CIRIT through the GRQ1012 Project (1993–96) are largely recognized.</subfield>
   </datafield>
   <datafield ind1="8" ind2=" " tag="024">
      <subfield code="a">http://hdl.handle.net/10459.1/57342</subfield>
   </datafield>
   <datafield ind2="0" ind1="0" tag="245">
      <subfield code="a">Magnetotransport properties of NiFe-Ag granular alloys: origin of the thermal behavior</subfield>
   </datafield>
</record></metadata></record></GetRecord></OAI-PMH>